Bienvenue à la Médiathèque de Saint-Andiol
banniere
Accueil Recherche avancée Mon compte
handi1 Rechercher dans le catalogue

Filtre   Mots-clés
  Recherche avancée
 
Lister les dernières nouveautés
 
Lister les livres GROS CARACTERES
 
Lister les périodiques (magazines)

handi1 Amour, gloire et corvées

<< Retourner aux résultats de la recherche
Book Cover
Auteur principal : Nob
Titre : Amour, gloire et corvées
Support : Livres
Langue : Francais
Publié : DL 2018 Dupuis Paris
Series : Dad
Genre : Bande Dessinée (enfants)
Collection : Dad
Sujets :
Étiquettes :
Pas de tags
LEADER 01396nam0a2200217 450
001 16868370
010 |a 978-2-8001-7453-2  |b rel.  |d 12,95 € 
100 |a 20260529d2026 u u0frey01 ba 
101 0 |a fre 
102 |a BE 
200 0 |a Amour, gloire et corvées  |f Nob 
207 1 |a   
210 |a Paris  |b 57, bd de La Villette  |c Dupuis  |d DL 2018 
215 |a 1 vol. (46 p.)  |c ill. en coul.  |d 30 cm 
225 1 |a Dad  |v 5 
330 |a Dad ne sait plus où donner de la tête ! S'occuper de ses quatre filles aux caractères aussi forts que disparates, c'est un travail à plein temps : entre le désir d'indépendance de Pandora, les aventures amoureuses d'Ondine, les revendications militantes de Roxane et l'affection débordante de Bébérenice, les journées sont bien remplies. Pourtant, Dad n'en reste pas moins un homme et, en tant que père célibataire, la solitude lui pèse aussi parfois. Maintenant que ses enfants grandissent, sentirait-il de nouveau son coeur battre pour quelqu'un, quelque part entre les sacs de courses, les panières de linge sale et les casseroles ? L'amour fait tourner plus d'une tête dans ce cinquième tome des aventures de Dad et de sa petite famille ! 
461 0 |t Dad  |v 5 
700 0 |a Nob  |f 1973-....  |4 70 
900 |a Bande Dessinée (enfants) 
901 |a Jeunesse 
995 |a Médiathèque  |c Médiathèque  |f 089021930  |h 089021930  |k BD DAD  |o p  |q j  |r az  |e Médiathèque